Представление документа в формате MARC21

Поле Инд. ПП Название Значение
Тип записи a
Библиографический уровень a
001 Контрольный номер 31d21a7000ff4206857ccc8d42f09a64
005 Дата корректировки 20260701154737.5
040 a Служба первич. каталог. 10013504
041 0_ a Код языка текста rus
100 1_ a Автор Фролов Ю.П.
q Полное имя Фролов Юрий Павлович
245 10 a Заглавие Некоторые методы упрочнения жаропрочных сплавов на Ni-Cr-основе
260 a Место издания Москва
b Издательство МАИ
504 a Библиография Библиогр.: с.42 (17 назв.)
653 0_ a Ключевые слова АВТОР МАИ; ЖАРОПРОЧНЫЕ СПЛАВЫ
700 12 a Другие авторы Клыпин А.А.
q Полное имя Клыпин Анатолий Александрович
773 18 a Заголовок основной записи Московский авиационный институт им. С. Орджоникидзе
w Контрольный № источника d62d2c63ed474c1d8601f9bce85f9d7d
t Название источника Труды института
d Место и дата издания Москва : МАИ, 1971
g Прочая информация Вып. 228. - С.25-42
901 t Тип документа a